| 000 -LEADER | |
|---|---|
| fixed length control field | 00416nam a22001457a 4500 |
| 020 ## - INTERNATIONAL STANDARD BOOK NUMBER | |
| ISBN | 0834103133 |
| 050 ## - LIBRARY OF CONGRESS CALL NUMBER | |
| Classification number | BS 2580 |
| 100 ## - MAIN ENTRY--AUTHOR NAME | |
| Personal name | Sanner, A. Elwood |
| Personal name | Taylor, Willard H. |
| Personal name | Greathouse, William M. |
| 245 ## - TITLE STATEMENT | |
| Title | Mark: beacon Bible expositions |
| 260 ## - PUBLICATION, DISTRIBUTION, ETC. (IMPRINT) | |
| Place of publication | Kansas City, Missouri |
| Name of publisher | Beacon Hill Press of Kansas City |
| Year of publication | 1978 |
| 300 ## - PHYSICAL DESCRIPTION | |
| Number of Pages | 255p.; includes bibliographical references |
| 942 ## - ADDED ENTRY ELEMENTS (KOHA) | |
| Koha item type | Books |
| Koha item type | Collection code | Shelving location | Accession Number | Permanent Location | Current Location | Date acquired | Full call number |
|---|---|---|---|---|---|---|---|
| Books | Lending | Lending | 5614 | Chapman Library | Chapman Library | 2017-04-03 | BS 2580 |

